000 00306nam a22001217a 4500
082 _a668.4 HER'F
100 _aMANSON, JOHN A,HERTZBERY, RICHARD W
_974422
245 _aFATIQUE OF ENGINEERING PLASTICS
260 _aNEWYORK
_bAP
_c1980
300 _a295P
650 _aPLASTICS FATIQUE
_974423
942 _cBK
999 _c579956
_d579956